Govt. of
Madhya Pradesh

तनावमुक्ति के सरल उपाय (Record no. 65658)

MARC details
000 -LEADER
fixed length control field 00417nam a22001097a 4500
082 ## - DEWEY DECIMAL CLASSIFICATION NUMBER
Classification number 150/SHA
100 ## - MAIN ENTRY--AUTHOR NAME
Personal name शर्मा , डां पवित्र कुमार
245 ## - TITLE STATEMENT
Title तनावमुक्ति के सरल उपाय
260 ## - PUBLICATION, DISTRIBUTION, ETC. (IMPRINT)
Place of publication दिल्‍ली
Name of publisher गैलेक्‍सी पब्लिशर्स
Year of publication 2022
650 ## - SUBJECT ADDED ENTRY--TOPICAL TERM
Topical Term मनोविज्ञान
942 ## - ADDED ENTRY ELEMENTS (KOHA)
Koha item type Hindi Books
Holdings
Withdrawn status Lost status Damaged status Not for loan Home library Current library Date acquired Cost, normal purchase price Full call number Accession Number Price effective from Koha item type
        MACL MACL 26/11/2022 395.00 150/SHA CRH038785 26/11/2022 Hindi Books